Catálogo
 En Linea

La dominación haitiana : (Registro nro. 31675)

Detalles MARC
000 -CABECERA
campo de control de longitud fija 01574nam a2200313 a 4500
001 - NÚMERO DE CONTROL
campo de control 000032184
003 - IDENTIFICADOR DEL NÚMERO DE CONTROL
campo de control DO-SdBNP
005 - FECHA Y HORA DE LA ÚLTIMA TRANSACCIÓN
campo de control 20260305073951.0
007 - CAMPO FIJO DE DESCRIPCIÓN FÍSICA--INFORMACIÓN GENERAL
campo de control de longitud fija ta
008 - DATOS DE LONGITUD FIJA--INFORMACIÓN GENERAL
campo de control de longitud fija 110331s1972 dr ad 001 0 spa d
040 ## - FUENTE DE LA CATALOGACIÓN
Centro catalogador/agencia de origen DO-SdBNP
Lengua de catalogación spa
Centro/agencia transcriptor BNPHU
082 #4 - NÚMERO DE LA CLASIFICACIÓN DECIMAL DEWEY
Número de clasificación 972.9304
Número de documento/Ítem M938d, 1972
Número de edición 22
100 1# - ENTRADA PRINCIPAL--NOMBRE DE PERSONA
Nombre de persona Moya Pons, Frank,
Fechas asociadas al nombre 1944-
9 (RLIN) 2095
245 13 - MENCIÓN DE TÍTULO
Título La dominación haitiana :
Resto del título 1822-1844 /
Mención de responsabilidad, etc. Frank Moya Pons.
250 ## - MENCIÓN DE EDICIÓN
Mención de edición 2a. ed.
260 ## - PUBLICACIÓN, DISTRIBUCIÓN, ETC.
Lugar de publicación, distribución, etc. Santiago, República Dominicana :
Nombre del editor, distribuidor, etc. Universidad Católica Madre y Maestra,
Fecha de publicación, distribución, etc. 1972.
300 ## - DESCRIPCIÓN FÍSICA
Extensión 219 p. :
Otras características físicas il., tabls. ;
Dimensiones 20 cm.
490 0# - MENCIÓN DE SERIE
Mención de serie Estudios
Designación de volumen o secuencia 14
500 ## - NOTA GENERAL
Nota general Incluye índice de nombres, lugares y materias.
500 ## - NOTA GENERAL
Nota general Incluye notas al final de los capítulos
504 ## - NOTA DE BIBLIOGRAFÍA, ETC.
Nota de bibliografía, etc. Incluye bibliografía y notas al final de capítulos.
504 ## - NOTA DE BIBLIOGRAFÍA, ETC.
Nota de bibliografía, etc. Bibliografía: p. 201-206.
505 0# - NOTA DE CONTENIDO CON FORMATO
Información miscelánea Prefacio --
Título La invasión de Boyer (1820-1822) --
-- La cuestión de la tierra (1822-1825) --
-- Deuda pública, crisis económica y oposición política (1826-1834) --
-- La caída de Boyer: conspiración y reforma (1834-1843) --
-- El fin de la dominación haitiana (1843-1844) --
Información miscelánea Apéndices: Proclama al Pueblo de Juan Pedro Boyer, Presidente de Haití, 9 de febrero de 1822 --
-- Bibliografía --
-- Índice de nombres, lugares y materias.
590 ## - NOTA LOCAL (RLIN)
Nota local Inventariado, 2020/YL
651 #4 - PUNTO DE ACCESO ADICIONAL DE MATERIA--NOMBRE GEOGRÁFICO
Nombre geográfico República Dominicana
Subdivisión general Historia
Subdivisión cronológica Ocupación haitiana, 1822-1844
9 (RLIN) 7666
651 #4 - PUNTO DE ACCESO ADICIONAL DE MATERIA--NOMBRE GEOGRÁFICO
Nombre geográfico República Dominicana
Subdivisión general Política y gobierno
Subdivisión cronológica Ocupación haitiana, 1822-1844
9 (RLIN) 54469
910 ## - DATOS DE OPCIÓN DEL USUARIO (OCLC)
Datos de opción del usuario Validado. Control de calidad EMS
942 ## - ELEMENTOS DE PUNTO DE ACCESO ADICIONAL (KOHA)
Fuente del sistema de clasificación o colocación Dewey Decimal Classification
Tipo de ítem Koha Libro
Existencias
Estado de retiro Estado de pérdida Fuente del sistema de clasificación o colocación Restricciones de uso No para préstamo Código de colección Localización permanente Ubicación/localización actual Ubicación en estantería Fecha de adquisición Número de inventario Signatura topográfica completa Código de barras Fecha visto por última vez Número de copia Precio válido a partir de Tipo de ítem Koha Nota pública
    Dewey Decimal Classification Préstamo en sala   Dominicana de Servicio Biblioteca Nacional Pedro Henríquez Ureña Biblioteca Nacional Pedro Henríquez Ureña Depósito 12.07.2013 LF1 BNPHU DS 972.9304 M938d, 1972 32184-50 25.06.2020 e. 5 25.06.2020 Libro  
    Dewey Decimal Classification Préstamo en sala   Dominicana de Servicio Biblioteca Nacional Pedro Henríquez Ureña Biblioteca Nacional Pedro Henríquez Ureña Depósito 12.07.2013   BNPHU DS 972.9304 M938d, 1972 32184-30 25.06.2020 e. 3 25.06.2020 Libro  
    Dewey Decimal Classification Préstamo en sala   Dominicana de Servicio Biblioteca Nacional Pedro Henríquez Ureña Biblioteca Nacional Pedro Henríquez Ureña Depósito 12.07.2013   BNPHU DS 972.9304 M938d, 1972 32184-40 25.06.2020 e. 4 25.06.2020 Libro  
    Dewey Decimal Classification Excluido de préstamo   Patrimonio Dominicano Biblioteca Nacional Pedro Henríquez Ureña Biblioteca Nacional Pedro Henríquez Ureña Depósito 13.07.2011   BNPHU PD 972.9304 M938d, 1972 32184-10 25.06.2020   25.06.2020 Libro Perteneció a la biblioteca personal de Aída Cartagena Portalatín.
    Dewey Decimal Classification Excluido de préstamo   Raros y valiosos Patrimonio Dominicano Patrimonio Dominicano Depósito 19.07.2011   BNPHU PD 972.9304 M938d, 1972 32184-20 25.06.2020 e. 2 25.06.2020 Libro  

Con tecnología Koha